000 00668nam a2200205Ia 4500
003 IN-BaIIA
008 211028s9999 xx 000 0 eng d
020 _a3-540-19283-2
040 _cIIA Library
080 _a048.1:52
_bAAA-44
100 _aEsser, U.
_99455
245 0 _aAstronomy and astrophysics abstracts 1987
_bvol. 44, pt. 2
_cU. Esser…[et al.]
260 _aBerlin
_bSpringer-Verlag
_c1988
300 _axii,1100p.
650 _aAbstracts-Astronomy and Astrophysics
_96051
650 _aAstronomy and Astrophysics Thesaurus
700 _aHefele, H
_99915
700 _aHeinrich, I.
_99916
942 _cBK
999 _c9364
_d9364